| 000 | 01009nas a2200337 4500 | ||
|---|---|---|---|
| 001 | BR2016002427 | ||
| 003 | BR-BrBNA | ||
| 005 | 20231205130409.0 | ||
| 007 | ta | ||
| 008 | 230509b bl.|||p| |||| 00| 00por d | ||
| 040 |
_aBR-BrBNA _bpor _cBiblioteca Nacional de Agricultura |
||
| 041 | _a(En) | ||
| 072 | _aF08 | ||
| 100 | 1 | _aMonteiro, A.L. | |
| 100 | 1 | _aSilva, P.S.L. | |
| 100 | 1 | _aTavella, L.B. | |
| 100 | 1 | _aOliveira, F.H.T. | |
| 100 | 1 | _aSilva, P.I.B. | |
| 245 | 1 | _aMimosa caessalpiniifolia intercropping, weeds removal and nitrogen fertilization on maize | |
| 650 | _aMILHO | ||
| 650 | _aSABIÁ | ||
| 650 | _aMIMOSA CAESALPINIIFOLIA | ||
| 650 | _aÁRVORE ANGIOSPERMA | ||
| 650 | _aCONSORCIAÇÃO DE CULTURA | ||
| 650 | _aFERTILIZANTE NITROGENADO | ||
| 650 | _aGRÃO | ||
| 650 | _aRENDIMENTO | ||
| 773 | 0 |
_tHorticultura Brasileira (Brazil) _xISSN 0102-0536 _g(Apr-Jun 2016), v. 34(2) p. 175-182 _wBR2016002427 |
|
| 909 |
_a202311 _bLúcia _c55 _dLúcia Elande |
||
| 942 |
_2AGRIS _n0 _cANA |
||
| 999 |
_c249226 _d249226 |
||